| 000 | 00522nam a22001817a 4500 | ||
|---|---|---|---|
| 005 | 20131009111810.0 | ||
| 010 | _aENG-108083 | ||
| 020 |
_c495.00 _a9788173292759 |
||
| 035 | _aEN-91616 | ||
| 037 | _bDBAD/PUB | ||
| 082 | _a220.35 | ||
| 100 | _aModi, S. | ||
| 245 |
_aSupreme knowledge : _cby S. Modi _bten main Upanishads / |
||
| 260 |
_aDelhi _bShilalekh _c2012 |
||
| 270 |
_a4/32, Subhash Gali, Vishwas Nagar, Shahdara _bDelhi _e110032 |
||
| 300 |
_a208p. _c24cm(Hb) |
||
| 942 |
_2ddc _cEN _mMOD _h220.35 |
||
| 999 |
_c77689 _d77689 |
||